| 000 | 00000nam 2200000zi 4500 |
| 001 | 9.949697 |
| 003 | CaOODSP |
| 005 | 20250819165846 |
| 006 | m o d f |
| 007 | cr mn||||||||| |
| 008 | 250401t20252025onca ob f000 0 fre d |
| 020 | |a9780660767598 |
| 040 | |aCaOODSP|bfre|erda|cCaOODSP |
| 043 | |an-cn--- |
| 086 | 1 |aHP35-104/2025F-PDF |
| 245 | 03|aLe parkinsonisme au Canada, y compris la maladie de Parkinson. |
| 264 | 1|a[Ottawa] : |bAgence de la santé publique du Canada = Public Health Agency of Canada, |c[2025] |
| 264 | 4|c©2025 |
| 300 | |a1 ressource en ligne (1 page non numérotée) : |billustrations |
| 336 | |atexte|btxt|2rdacontent/fre |
| 337 | |ainformatique|bc|2rdamedia/fre |
| 338 | |aressource en ligne|bcr|2rdacarrier/fre |
| 500 | |aTitre de départ. |
| 500 | |aPublié aussi en anglais sous le titre : Parkinsonism in Canada, including Parkinson Disease. |
| 504 | |aComprend des références bibliographiques. |
| 520 | |a« Le parkinsonisme fait référence à un groupe de maladies, dont la maladie de Parkinson, qui présentent des symptômes liés au mouvement. Parmi celles-ci, la maladie de Parkinson représente la majorité des cas. Les recherches scientifiques actuelles montrent que la maladie de Parkinson résulte d’une combinaison unique de facteurs génétiques, environnementaux, de mode de vie et autres facteurs » -- Page [1]. |
| 650 | 6|aMaladie de Parkinson|zCanada|vStatistiques. |
| 650 | 6|aMaladies chroniques|zCanada|vStatistiques. |
| 710 | 2 |aAgence de santé publique du Canada, |eorganisme de publication. |
| 775 | 08|tParkinsonism in Canada, including Parkinson Disease.|w(CaOODSP)9.949696 |
| 795 | |tLe Parkinsonisme au Canada, y compris la maladie de Parkinson |b2018|w(CaOODSP)9.854399 |
| 856 | 40|qPDF|s424 Ko|uhttps://publications.gc.ca/collections/collection_2025/aspc-phac/HP35-104-2025-fra.pdf |
| 856 | 4 |qHTML|sS.O.|uhttps://sante-infobase.canada.ca/labo-de-donnees/blogue-parkinson.html |
| 986 | |a240986 |